000 01111nam0a22003011 4500
001 rc\129225
005 20260406060043.0
010 _a5-7221-0119-2
_93000
035 _a(NLR Aleph) 005404209
090 _a7305300
_c7305300
100 _a20030307d1996 |||y0rusy50 ca
101 0 _arus
102 _aRU
105 _aa |||||||||
200 1 _aАлександр Вертинский без грима
210 _aКраснодар
_cСовет. Кубань
_d1996
215 _a205, [2] с.
_cил., нот. ил.
_d20
320 _aДискогр.: с. 147-190
320 _aНотные изд. песен А.Н. Вертинского: с. 191-200
320 _aОсновной репертуар А.Н. Вертинского: с. 201-204
600 1 _aВертинский
_bА.Н.
_gАлександр Николаевич
_2psbo
700 1 _8rus
_7ca
_aБардадым
_bВ. П.
_f1931-2010
_gВиталий Петрович
_3RU\NLR\AUTH\7710337
_9120115
801 0 _aRU
_bNLR
_gpsbo
801 1 _aRU
_bELAR
_2rusmarc
852 _aNLR
_j96-3/12675
942 _cBOOK
980 _aNB